|
|
|
|
| LEADER |
00000nam0a2200000 4500 |
| 001 |
378097 |
| 005 |
20231101054305.0 |
| 035 |
|
|
|a (RuTPU)RU\TPU\retro\35552
|
| 035 |
|
|
|a RU\TPU\book\111883
|
| 090 |
|
|
|a 378097
|
| 100 |
|
|
|a 20230515d1963 m y0rusy50 ca
|
| 101 |
0 |
|
|a rus
|
| 102 |
|
|
|a RU
|
| 105 |
|
|
|a a j 000zy
|
| 200 |
1 |
|
|a Сборник задач по теории вероятностей
|f Л. Д. Мешалкин
|
| 210 |
|
|
|a Москва
|c Изд-во Московского ун-та
|d 1963
|
| 215 |
|
|
|a 150 с.
|c черт.
|
| 610 |
1 |
|
|a теория вероятностей
|
| 610 |
1 |
|
|a задачи
|
| 610 |
1 |
|
|a случайные величины
|
| 610 |
1 |
|
|a функции
|
| 610 |
1 |
|
|a цепи Маркова
|
| 610 |
1 |
|
|a статистика
|
| 610 |
1 |
|
|a элементы
|
| 675 |
|
|
|a 519.2(076)
|v 3
|
| 700 |
|
1 |
|a Мешалкин
|b Л. Д.
|g Лев Дмитриевич
|
| 801 |
|
1 |
|a RU
|b 63413507
|c 20061020
|g PSBO
|
| 801 |
|
2 |
|a RU
|b 63413507
|c 20230515
|g PSBO
|
| 942 |
|
|
|c BK
|